Every Major City in Russia - Statistics

General Stats
  • This quiz has been taken 14 times
  • The average score is 11 of 23
Answer Stats
Answer % Correct
Moscow
93%
St Petersburg
93%
Ufa
79%
Volgograd
79%
Novosibirsk
71%
Omsk
71%
Samara
71%
Rostov-on-Don
64%
Irkutsk
57%
Vladivostok
57%
Perm
50%
Chelyabinsk
43%
Krasnodar
43%
Krasnoyarsk
43%
Sevastopol
43%
Voronezh
36%
Saratov
29%
Nizhniy Novgorod
21%
Tyumen
21%
Tver
7%
Jakutsk
0%
Jaroslawl
0%
Yektarinburg
0%
No matching quizzes found
Score Distribution
Percent of People with Each Score
Percentile by Number Answered
Your Score History
You have not taken this quiz